<?xml version="1.0" encoding="UTF-8"?><?xml-stylesheet type="text/xsl" href="static/style.xsl"?><OAI-PMH xmlns="http://www.openarchives.org/OAI/2.0/" xmlns:xsi="http://www.w3.org/2001/XMLSchema-instance" xsi:schemaLocation="http://www.openarchives.org/OAI/2.0/ http://www.openarchives.org/OAI/2.0/OAI-PMH.xsd"><responseDate>2026-04-17T20:44:38Z</responseDate><request verb="GetRecord" identifier="oai:www.recercat.cat:20.500.12327/373" metadataPrefix="marc">https://recercat.cat/oai/request</request><GetRecord><record><header><identifier>oai:recercat.cat:20.500.12327/373</identifier><datestamp>2025-10-22T11:13:26Z</datestamp><setSpec>com_2072_4428</setSpec><setSpec>com_2072_4427</setSpec><setSpec>col_2072_487898</setSpec></header><metadata><record xmlns="http://www.loc.gov/MARC21/slim" xmlns:dcterms="http://purl.org/dc/terms/" xmlns:xsi="http://www.w3.org/2001/XMLSchema-instance" xmlns:doc="http://www.lyncode.com/xoai" xsi:schemaLocation="http://www.loc.gov/MARC21/slim http://www.loc.gov/standards/marcxml/schema/MARC21slim.xsd">
   <leader>00925njm 22002777a 4500</leader>
   <datafield ind2=" " ind1=" " tag="042">
      <subfield code="a">dc</subfield>
   </datafield>
   <datafield ind2=" " ind1=" " tag="720">
      <subfield code="a">Gómez, J.</subfield>
      <subfield code="e">author</subfield>
   </datafield>
   <datafield ind2=" " ind1=" " tag="720">
      <subfield code="a">Sanjuán, N.</subfield>
      <subfield code="e">author</subfield>
   </datafield>
   <datafield ind2=" " ind1=" " tag="720">
      <subfield code="a">Arnau, J.</subfield>
      <subfield code="e">author</subfield>
   </datafield>
   <datafield ind2=" " ind1=" " tag="720">
      <subfield code="a">Bon, J.</subfield>
      <subfield code="e">author</subfield>
   </datafield>
   <datafield ind2=" " ind1=" " tag="720">
      <subfield code="a">Clemente, G.</subfield>
      <subfield code="e">author</subfield>
   </datafield>
   <datafield ind2=" " ind1=" " tag="260">
      <subfield code="c">2019-01-21</subfield>
   </datafield>
   <datafield ind2=" " ind1=" " tag="520">
      <subfield code="a">Four models were used to simulate nitrite uptake and water loss during pork meat curing with sodium nitrite: three empirical ones (the Azuara, the Peleg and the Zugarramurdi and Lupin) and one theoretical (the diffusional).&#xd;
&#xd;
By means of the Azuara and the Peleg models, the equilibrium moisture content and the equilibrium nitrite content were properly identified.&#xd;
&#xd;
Zugarramurdi and Lupin's model did not provide information about process parameters.&#xd;
&#xd;
The effective diffusivities of water (Dwe) and nitrite (DNe) were calculated. The activation energy (ENa and Ewa) was evaluated from the parameters of both the Peleg and the diffusional models. The results were similar; the Peleg model having the advantage of simplicity of calculation.&#xd;
The effect of meat anisotropy was confirmed from the diffusional model; the perpendicular transport of nitrite is easier than the parallel.&#xd;
This study highlighted the importance of choosing the most appropriate model depending on the objective to be achieved.</subfield>
   </datafield>
   <datafield ind1="8" ind2=" " tag="024">
      <subfield code="a">Gómez, J., N. Sanjuán, J. Arnau, J. Bon, and G. Clemente. 2019. "Modeling Of Sodium Nitrite And Water Transport In Pork Meat". Journal Of Food Engineering 249: 48-54. Elsevier BV. doi:10.1016/j.jfoodeng.2019.01.008.</subfield>
   </datafield>
   <datafield ind1="8" ind2=" " tag="024">
      <subfield code="a">0260-8774</subfield>
   </datafield>
   <datafield ind1="8" ind2=" " tag="024">
      <subfield code="a">http://hdl.handle.net/20.500.12327/373</subfield>
   </datafield>
   <datafield ind1="8" ind2=" " tag="024">
      <subfield code="a">https://doi.org/10.1016/j.jfoodeng.2019.01.008</subfield>
   </datafield>
   <datafield ind2="0" ind1="0" tag="245">
      <subfield code="a">Modeling of sodium nitrite and water transport in pork meat</subfield>
   </datafield>
</record></metadata></record></GetRecord></OAI-PMH>